000 00708nam a2200229u 4500
001 11027
003 BD-RjUL
005 20211208235046.0
008 140126s1993 ko ao 000 0 eng
035 _a(BD-RjUL) 11076
040 _aDLC
_cCarP
_dDLC
_dBD-RjUL
_beng
041 _aeng
082 _223
_a303.4
_bSAD 1993
100 1 _aSam, Kim Young
_934075
245 1 4 _aThe dawning of a new era :
_bthe APEC leaders meeting and white house summit /
_cKim Young Sam.
260 _aKorea :
_bRepublic of Korea,
_c1993.
300 _a39 p. :
_bill., photos ;
_c15 cm.
650 0 _aSocial problems
_xMiscellanea. [from old catalog]
_934076
942 _2ddc
_cBK
999 _c11027
_d11027